Multiplication par 3 en suite - Statistiques

Statistiques générales
  • Ce quiz a été pris 75 fois
  • Le résultat moyen est 10 sur 18
Statistiques - réponses
Commencer a 1 % Correct
3
100%
9
97%
27
91%
81
80%
243
72%
729
70%
2 187
64%
6 561
58%
19 683
52%
59 049
45%
177 147
43%
531 441
39%
1 594 323
33%
4 782 969
33%
14 348 907
25%
129 140 163
22%
43 046 721
22%
387 420 489
20%
Aucun quiz correspondant
Distribution des résultats
% des personnes avec chaque résultat
Percentile par nombre de réponses
Votre historique - résultats
Vous n’avez pas pris ce quiz